Statistics for Brands!

Click here to take the quiz!

General Stats

  • This quiz has been taken 7 times
  • The average score is 8 of 10

Answer Stats

HintAnswer% Correct
online shopping with a smile :)Amazon
100%
social media for boomersFacebook
100%
Most popular internet platformGoogle
100%
type of fruitApple
86%
Controversially the best fizzy drinkCoca cola
86%
Fast food on the go!McDonalds
86%
runs most computersMicrosoft
71%
sells sportsware with a tickNike
71%
Competitors in technologySamsung
57%
logo of the sunWalmart
14%

Score Distribution

Percentile by Number Answered

Percent of People with Each Score

Your Score History

You have not taken this quiz